Unkept promises unclear consequences

সংরক্ষণ করুন:
গ্রন্থ-পঞ্জীর বিবরন
প্রধান লেখক: Sato, Ryuzo
বিন্যাস: গ্রন্থ
ভাষা:Undetermined
প্রকাশিত: Cambridge Cambridge University Press 1988
বিষয়গুলি:
ট্যাগগুলো: ট্যাগ যুক্ত করুন
কোনো ট্যাগ নেই, প্রথমজন হিসাবে ট্যাগ করুন!
Thư viện lưu trữ: Trung tâm Học liệu Trường Đại học Cần Thơ
LEADER 00489nam a2200181Ia 4500
001 CTU_78827
008 210402s9999 xx 000 0 und d
082 |a 338.973 
082 |b S253 
100 |a Sato, Ryuzo 
245 0 |a Unkept promises unclear consequences 
245 0 |c Ryuzo Sato 
260 |a Cambridge 
260 |b Cambridge University Press 
260 |c 1988 
650 |a Economic policy 
650 |z United States 
980 |a Trung tâm Học liệu Trường Đại học Cần Thơ